[Event "Deltalift Open"]
[Site "Tylosand"]
[Date "2015.05.16"]
[Round "7.17"]
[White "Ronneland, Daniel"]
[Black "Malmdin, Nils-Ake"]
[Result "1/2-1/2"]
[WhiteElo "2213"]
[BlackElo "2129"]

1.d4 Nf6 2.Nf3 c5 3.d5 g6 4.c4 Bg7 5.Nc3 O-O 6.e4 d6 7.h3 e6 8.Bd3 exd5 9.
cxd5 a6 10.a4 Re8 11.O-O c4 12.Bxc4 Nxe4 13.Nxe4 Rxe4 14.Bd3 Re8 15.Bg5 
Bf6 16.Bxf6 Qxf6 17.Re1 Rf8 18.Nd2 Nd7 19.Nc4 Rb8 20.b4 b5 21.Na5 bxa4 22.
Nc6 Rb6 23.Qxa4 Ne5 24.Qa5 Rxc6 25.Rxe5 Rc3 26.Re3 Qd4 27.Bxa6 Rxe3 28.
fxe3 Qxe3+ 29.Kh1 Bxh3 30.gxh3 Qxh3+ 31.Kg1 Qg3+ 32.Kf1 Qf3+ 33.Kg1 Qg3+ 
34.Kf1 Re8 35.Be2 Re5 36.Ra3 Rf5+ 37.Rf3 Rxf3+ 38.Bxf3 Qxf3+ 39.Kg1 Qe3+ 
40.Kf1 Qf4+ 41.Ke2 Qe5+ 42.Kd3 h5 43.Qa8+ Kg7 44.b5 h4 45.b6 h3 46.Qa2 h2 
47.Qg2 f5 48.b7 Qe4+ 49.Qxe4 fxe4+ 50.Kd4 h1=Q 51.b8=Q Qa1+ 52.Ke3 Qc3+ 
53.Kxe4 Qe5+ 54.Kf3 Qxd5+ 55.Kg4 Qf5+ 56.Kg3 Qe5+ 57.Kg4 Qe6+ 58.Kg3 Kf6 
59.Qh8+ Kf5 60.Qf8+ Qf6 61.Qc8+ Ke5 62.Qc3+ Ke6 63.Qc4+ d5 64.Qa6+ Ke5 65.
Qe2+ Kf5 66.Qg4+ Ke5 67.Qe2+ Kd6 68.Qa6+ Ke7 69.Qb7+ Ke6 70.Qa6+ 1/2-1/2

[Event "Deltalift Open"]
[Site "Tylosand"]
[Date "2015.05.16"]
[Round "7.18"]
[White "Faldt, Magnus"]
[Black "Nilsson, Patrik 1978"]
[Result "1/2-1/2"]
[WhiteElo "2198"]
[BlackElo "2127"]

1.d4 f5 2.Nf3 g6 3.g3 Nf6 4.Bg2 Bg7 5.b4 O-O 6.O-O Nc6 7.a3 d6 8.Bb2 e5 9.
dxe5 Ng4 10.Qd5+ Kh8 11.c4 Ncxe5 12.Nxe5 Nxe5 13.Kh1 c6 14.Qd4 Rg8 15.Qf4 
Qe7 16.Nd2 Be6 17.c5 g5 18.cxd6 Qxd6 19.Qe3 f4 20.Qc5 Qc7 21.Ne4 h6 22.
Rad1 Nc4 23.Bxg7+ Qxg7 24.a4 Bd5 25.Qd4 Nb2 26.Rd2 Qxd4 27.Rxd4 Nxa4 28.
Ra1 b5 29.Ra3 Rgd8 30.Rad3 Nb2 31.Rd2 Nc4 32.R2d3 a5 33.gxf4 gxf4 34.Nf6 
Bxg2+ 35.Kxg2 Rxd4 36.Rxd4 Kg7 37.Nh5+ Kg6 38.Nxf4+ Kf5 39.Nd3 axb4 40.e4+
Ke6 41.f4 b3 42.Nc5+ Kf6 43.Nxb3 Ra2+ 44.Kg1 Rb2 45.Nc5 Nd2 46.Rd6+ Kg7 
47.Rxc6 Nf3+ 48.Kf1 Nxh2+ 49.Ke1 Nf3+ 50.Kd1 Rb1+ 51.Kc2 Nd4+ 52.Kxb1 Nxc6
53.Kc2 h5 54.Kd3 Kg6 55.Ke3 h4 56.Kf3 Kh5 57.f5 Nd4+ 58.Kf4 b4 59.f6 Kg6 
60.Nd3 1/2-1/2

[Event "Deltalift Open"]
[Site "Tylosand"]
[Date "2015.05.16"]
[Round "7.19"]
[White "Backman, Andreas"]
[Black "Blomstrom, Lars"]
[Result "1/2-1/2"]
[WhiteElo "2177"]
[BlackElo "2108"]

1.e4 e5 2.Nf3 Nc6 3.Nc3 g6 4.h4 h6 5.Bc4 Bg7 6.d3 Nf6 7.Be3 d6 8.Qd2 Na5 
9.Nh2 Nxc4 10.dxc4 Be6 11.b3 Qd7 12.O-O-O a6 13.f3 b5 14.c5 Qc6 15.g4 
O-O-O 16.Nd5 Kb8 17.g5 hxg5 18.hxg5 Nh5 19.cxd6 Rxd6 20.Nb4 Qb7 21.Qf2 Nf4
22.Bc5 Rxd1+ 23.Rxd1 a5 24.Nd3 Rd8 25.Nf1 Nxd3+ 26.Rxd3 Rxd3 27.cxd3 Qc6 
28.Kb2 f6 29.gxf6 Bxf6 30.Be3 Be7 31.Qd2 Bb4 32.Qc2 Qd6 33.Nd2 Bh3 34.a4 
c6 35.axb5 cxb5 36.Bg1 Be6 37.Nb1 Bf7 38.Nc3 Qc6 39.Bh2 Bd6 40.Qf2 Kb7 41.
f4 Ba3+ 42.Kxa3 Qxc3 43.Qb2 Qxd3 44.fxe5 b4+ 45.Ka2 a4 46.e6 Bxe6 47.Ka1 
a3 48.Qc1 Qd4+ 49.Kb1 Qxe4+ 50.Ka1 Qd4+ 51.Kb1 Bf5+ 52.Ka2 Qf2+ 53.Ka1 Bc2
54.Qh1+ Kc8 55.Qc6+ Kd8 56.Bc7+ Ke7 57.Bd6+ Kf7 58.Qd5+ Kg7 59.Qe5+ 
1/2-1/2

[Event "Deltalift Open"]
[Site "Tylosand"]
[Date "2015.05.16"]
[Round "7.21"]
[White "Larsson, Victor"]
[Black "Persson, Anders"]
[Result "1-0"]
[WhiteElo "2171"]
[BlackElo "1984"]

1.d4 Nf6 2.c4 c5 3.d5 e5 4.Nc3 d6 5.Qa4+ Nbd7 6.g3 Be7 7.Bg2 O-O 8.Nf3 Ne8
9.h4 Nc7 10.Qc2 f5 11.Ng5 Nf6 12.e4 h6 13.exf5 hxg5 14.hxg5 Nfxd5 15.Nxd5 
Bxf5 16.Be4 g6 17.g4 Ne6 18.gxf5 Nd4 19.Nxe7+ Qxe7 20.Bd5+ Kg7 21.f6+ Rxf6
22.gxf6+ Qxf6 23.Bh6+ 1-0

[Event "Deltalift Open"]
[Site "Tylosand"]
[Date "2015.05.16"]
[Round "7.22"]
[White "Tryggestad, Andreas Garberg"]
[Black "Lindahl, Emil"]
[Result "1/2-1/2"]
[WhiteElo "2077"]
[BlackElo "2171"]

1.e4 c5 2.c3 d5 3.exd5 Qxd5 4.d4 Nf6 5.Nf3 Bg4 6.dxc5 Qxc5 7.Be3 Qa5 8.
Nbd2 Nc6 9.Be2 e6 10.h3 Bh5 11.O-O Be7 12.Nd4 Bxe2 13.Qxe2 Nxd4 14.Bxd4 
O-O 15.b4 Qa4 16.f4 Rfe8 17.Ne4 Nxe4 18.Qxe4 Qc6 19.Qxc6 bxc6 20.f5 exf5 
21.Rxf5 Bd6 22.Raf1 Re7 23.Ra5 f6 24.Ra6 Rc7 25.Rf5 Bg3 26.Rf3 Be5 27.Bxe5
fxe5 28.Rf5 Re8 29.Kf2 Re6 30.b5 g6 31.Rf3 e4 32.Re3 Kf7 33.bxc6 1/2-1/2

[Event "Deltalift Open"]
[Site "Tylosand"]
[Date "2015.05.16"]
[Round "7.23"]
[White "Forsberg, Timmy"]
[Black "Rosell, Tomas"]
[Result "0-1"]
[WhiteElo "2045"]
[BlackElo "2162"]

1.d4 f5 2.Nc3 d5 3.Bf4 Nf6 4.e3 a6 5.Nf3 e6 6.Bd3 c5 7.O-O Nc6 8.a4 Bd7 9.
b3 Rc8 10.Ne2 Be7 11.c3 Nh5 12.Be5 O-O 13.Nf4 Nxe5 14.Nxe5 Nf6 15.Nh5 Be8 
16.Nf4 Bf7 17.Nxf7 Kxf7 18.Qb1 g6 19.c4 cxd4 20.exd4 Bd6 21.Ne2 Kg7 22.f4 
h6 23.c5 Bb8 24.Qc1 Kf7 25.h3 Rg8 26.Qe1 g5 27.Qf2 Qc7 28.Rae1 Nh5 29.Qf3 
g4 30.Qe3 Rce8 31.h4 g3 32.Rf3 Rg4 33.Nxg3 Nxg3 34.Rxg3 Rxf4 35.Qe5 Qxe5 
36.dxe5 Ba7 37.h5 Bxc5+ 38.Kh2 Bf2 0-1

[Event "Deltalift Open"]
[Site "Tylosand"]
[Date "2015.05.16"]
[Round "7.24"]
[White "Karlsson, Jorgen"]
[Black "Cardilin, Tim"]
[Result "0-1"]
[WhiteElo "2161"]
[BlackElo "1971"]

1.Nc3 d5 2.d4 Nf6 3.Bg5 e6 4.e3 c5 5.Nf3 Nc6 6.Bb5 Bd7 7.O-O cxd4 8.exd4 
Be7 9.Re1 O-O 10.a3 h6 11.Bh4 Ne4 12.Bxc6 Nxc3 13.Bxe7 Qxe7 14.bxc3 Bxc6 
15.Ne5 Ba4 16.Re3 Rac8 17.Rg3 Rc7 18.Qd2 Kh7 19.Qd3+ Kh8 20.f4 Rfc8 21.Qd2
Kh7 22.Rf3 Bb5 23.a4 Ba6 24.g4 f6 25.Re1 fxe5 26.Rxe5 Qh4 27.Rg3 Qxg3+ 28.
hxg3 Rxc3 29.Re3 Rxc2 30.Qb4 R8c4 31.Qa5 Rxd4 32.g5 Rdd2 33.g6+ Kxg6 34.
f5+ Kh7 35.Qxd2 Rxd2 36.fxe6 Re2 37.Rxe2 Bxe2 38.Kf2 Kg6 0-1

[Event "Deltalift Open"]
[Site "Tylosand"]
[Date "2015.05.16"]
[Round "7.25"]
[White "Ziegler, Ari"]
[Black "Horbing, Stefan"]
[Result "0-1"]
[WhiteElo "2305"]
[BlackElo "2071"]

1.e4 e5 2.Nf3 Nc6 3.Bb5 a6 4.Ba4 Nf6 5.O-O b5 6.Bb3 Bc5 7.c3 d6 8.h3 Bb6 
9.d4 O-O 10.a4 Rb8 11.axb5 axb5 12.Re1 h6 13.Na3 Re8 14.Nxb5 exd4 15.cxd4 
Rxe4 16.Rxe4 Nxe4 17.Bd5 Qe8 18.Nc3 Nf6 19.Bc4 Bf5 20.Bb5 Bd7 21.Be3 Nb4 
22.Bc4 Bf5 23.Rc1 Bd7 24.Qd2 c5 25.d5 Ne4 26.Qe1 Ba5 27.Bf4 f5 28.h4 Qg6 
29.Nd2 Re8 30.Qd1 Qf6 31.Ndxe4 fxe4 32.g3 Bf5 33.Qa4 Ra8 34.Ra1 Qd8 35.Qd1
Nd3 36.Bxd3 exd3 37.Nb5 Bb4 38.Nxd6 Rxa1 39.Qxa1 Bg6 40.Qd1 c4 41.Nxc4 
Qxd5 42.Ne3 Qe4 43.Nf1 Bf7 44.Be3 Qd5 45.Bxh6 Be6 46.Bf4 Bc5 47.Nd2 Qf5 
48.Qc1 Bb4 49.Nf1 Qg4 50.Qc6 Qe2 51.Qe8+ Kh7 52.h5 Bf5 53.Qf7 Bh3 54.Ne3 
d2 55.Qg6+ Kg8 56.Qe8+ Bf8 57.Qa4 Qe1+ 58.Kh2 Be6 59.Qe4 Qxf2+ 60.Ng2 d1=Q
61.Qxe6+ Kh8 62.Qe4 Qxh5# 0-1

[Event "Deltalift Open"]
[Site "Tylosand"]
[Date "2015.05.16"]
[Round "7.26"]
[White "Stray, Gunnar"]
[Black "Akesson, Joel"]
[Result "1/2-1/2"]
[WhiteElo "2067"]
[BlackElo "2294"]

1.d4 e6 2.Nf3 Nf6 3.e3 b6 4.Bd3 Bb7 5.Nbd2 c5 6.b3 Be7 7.Bb2 O-O 8.O-O d6 
9.Rc1 Nbd7 10.c4 Rc8 11.Bb1 Re8 12.Re1 Bf8 13.e4 cxd4 14.Nxd4 a6 15.Rc3 g6
16.Rh3 Bg7 17.N4f3 e5 18.Nf1 Nc5 19.N3d2 Rc7 20.g4 Ne6 21.Rg3 Nf4 22.Ne3 
Bc8 23.h4 Nd7 24.Nf3 Nc5 25.Nd5 Nxd5 26.cxd5 a5 27.Bc1 Bd7 28.Bg5 Qc8 29.
Nd2 b5 30.Kg2 a4 31.Be3 axb3 32.axb3 h6 33.Qe2 Qb7 34.Rh3 Qc8 35.f3 Qb7 
36.Rhh1 Ra8 37.Bf2 Ra3 38.Qe3 b4 39.Bc2 Bb5 40.Rb1 Qa6 41.Rhc1 Ra2 42.Nc4 
Bxc4 43.bxc4 Rb7 44.Bb3 Ra3 45.Rc2 Bf8 46.Be1 Ra1 47.Rcc1 Ra3 48.Rc2 Ra1 
49.Rcc1 Ra3 50.Rc2 Ra1 1/2-1/2

[Event "Deltalift Open"]
[Site "Tylosand"]
[Date "2015.05.16"]
[Round "7.27"]
[White "Norberg, Erik"]
[Black "Andersson, Robert"]
[Result "1/2-1/2"]
[WhiteElo "2268"]
[BlackElo "2067"]

1.g3 g6 2.Bg2 Bg7 3.c4 c5 4.Nc3 Nc6 5.Nf3 Nf6 6.O-O O-O 7.d4 d5 8.dxc5 
dxc4 9.Qa4 Qa5 10.Qxc4 Be6 11.Qh4 Qxc5 12.Ng5 Qc4 13.e4 Rad8 14.Nxe6 
1/2-1/2

[Event "Deltalift Open"]
[Site "Tylosand"]
[Date "2015.05.16"]
[Round "7.28"]
[White "Thiborg, Jesper"]
[Black "Fransson, Peter"]
[Result "0-1"]
[WhiteElo "2065"]
[BlackElo "2225"]

1.d4 Nf6 2.Nf3 d6 3.b3 c5 4.e3 g6 5.Bb2 Bg7 6.Bd3 O-O 7.O-O Nbd7 8.Nbd2 b6
9.c3 Bb7 10.Re1 Qc7 11.e4 Rad8 12.Qe2 Nh5 13.Qe3 e5 14.Rac1 Rfe8 15.Bc4 
exd4 16.cxd4 d5 17.Bb5 dxe4 18.Ne5 Nxe5 19.dxe5 Bxe5 20.Bxe5 Rxe5 21.Be2 
Nf6 22.Nc4 Re6 23.Qh3 Nd5 24.Bf1 Rde8 25.Ne3 Nxe3 26.Qxe3 Rd8 27.h4 Qe7 
28.g3 Qf6 29.Be2 Kg7 30.a3 Red6 31.h5 gxh5 32.b4 cxb4 33.axb4 R8d7 34.Bb5 
Re7 35.Red1 h6 36.Be2 Rxd1+ 37.Rxd1 Qe5 38.Kg2 Qg5 39.Qc3+ Qf6 40.Qe3 Rc7 
41.Rd4 Qg5 42.Rc4 Qxe3 43.fxe3 Rxc4 44.Bxc4 a5 45.bxa5 bxa5 46.Bb5 Bd5 47.
Ba4 Kf6 48.Kh3 Kg5 49.Bc2 Bc6 50.Bb3 Bd7+ 51.Kg2 Be6 52.Bc2 h4 0-1

[Event "Deltalift Open"]
[Site "Tylosand"]
[Date "2015.05.16"]
[Round "7.29"]
[White "Andersson, Bjorn"]
[Black "Bengtsson, Jessica"]
[Result "1/2-1/2"]
[WhiteElo "2209"]
[BlackElo "2052"]

1.e4 c5 2.Nf3 Nc6 3.d4 cxd4 4.Nxd4 Nf6 5.Nc3 e5 6.Ndb5 d6 7.Bg5 a6 8.Na3 
b5 9.Nd5 Be7 10.Bxf6 Bxf6 11.c4 b4 12.Nc2 a5 13.g3 Bg5 14.Bg2 O-O 15.O-O 
Be6 16.f4 Bh6 17.Kh1 f6 18.Qd3 Qb8 19.Rad1 Qa7 20.b3 Rad8 21.Nce3 Nd4 22.
Nf5 Nxf5 23.exf5 Bf7 24.Rd2 Rfe8 25.Re2 Qc5 26.h3 Kf8 27.Ne3 exf4 28.gxf4 
Bh5 29.Ree1 Re7 30.Be4 Rde8 31.Nd5 Ra7 32.Bf3 Bf7 33.Rxe8+ Bxe8 34.Qe4 Bf7
35.Re1 Qc8 36.Kg2 Qe8 37.Qb1 Qd8 38.Qc1 Bxd5 39.Bxd5 Re7 40.Be6 g6 41.fxg6
hxg6 42.Kg3 Qb6 43.Qd2 Qc5 44.Kf3 g5 45.Qd3 f5 46.fxg5 Bxg5 47.Re2 Kg7 48.
Qxf5 Qxf5+ 49.Bxf5 Rxe2 50.Kxe2 Kf6 51.Be4 Ke5 52.Kf3 Bh6 53.h4 Bc1 54.Bc6
Bh6 55.Be8 Bc1 56.Ke2 Kd4 57.Kf3 Ke5 58.Kg4 Kf6 59.Bc6 Bd2 60.Bd7 Bc1 
1/2-1/2

[Event "Deltalift Open"]
[Site "Tylosand"]
[Date "2015.05.16"]
[Round "7.30"]
[White "Mattsson, Michael"]
[Black "Ask, Josef"]
[Result "0-1"]
[WhiteElo "2045"]
[BlackElo "2172"]

1.e4 c6 2.d4 d5 3.Nc3 dxe4 4.Nxe4 Bf5 5.Ng3 Bg6 6.Bc4 e6 7.N1e2 Bd6 8.h4 
h6 9.Nf4 Bh7 10.Ngh5 Bf8 11.Qe2 Qe7 12.Rh3 Nd7 13.Bxe6 fxe6 14.Nxe6 Kf7 
15.Rf3+ Ngf6 16.Re3 Qd6 17.Nhf4 Bf5 18.Bd2 Re8 19.Nxf8 Rhxf8 20.Qc4+ Nd5 
21.O-O-O Kg8 22.Rde1 Rxe3 23.Bxe3 Nb6 24.Qb3 Qb4 25.c3 Qxb3 26.axb3 Re8 
27.Kd2 Nxf4 28.Bxf4 Rxe1 29.Kxe1 Bc2 30.b4 Nc4 31.Bc1 Kf7 32.g4 Ke6 33.Ke2
Kd5 34.Kf3 Nd6 35.Kf4 Nf7 36.g5 h5 37.f3 g6 38.Bd2 Kc4 39.Bc1 Kd3 40.Be3 
Ke2 41.d5 cxd5 42.Bxa7 Bb3 43.Bb8 Kd2 44.b5 Kc2 45.Ke3 Kxb2 46.Kd4 Bc4 47.
Bc7 Kc2 48.f4 Bxb5 49.Kxd5 Bd7 50.c4 Kd3 51.Bb6 Ke2 52.Ba5 Kf3 53.Bd2 Kg4 
54.Be1 Kxf4 55.c5 Kf5 56.Bg3 Bc6+ 57.Kd4 Nd8 0-1

[Event "Deltalift Open"]
[Site "Tylosand"]
[Date "2015.05.16"]
[Round "7.31"]
[White "Andersson, Kjell-Ake"]
[Black "Drugge, Patrik"]
[Result "1/2-1/2"]
[WhiteElo "2016"]
[BlackElo "2171"]

1.c4 e6 2.g3 d5 3.Bg2 c6 4.Qc2 Bd6 5.Nf3 Nf6 6.O-O b6 7.d3 Bb7 8.b3 c5 9.
cxd5 Nxd5 10.Bb2 O-O 11.Nbd2 Nd7 12.Rac1 Be7 13.Qb1 Bf6 14.d4 cxd4 15.Nxd4
Nc5 16.Ne4 Nxe4 17.Bxe4 h6 18.Nc6 Bxc6 19.Rxc6 Bxb2 20.Qxb2 Qd7 21.Rc2 
Rfd8 22.Rd1 Qb5 23.Rcd2 Rac8 24.Bxd5 Rxd5 25.Rxd5 exd5 26.Rd2 Re8 1/2-1/2

[Event "Deltalift Open"]
[Site "Tylosand"]
[Date "2015.05.16"]
[Round "7.32"]
[White "Brzezinski, Adam"]
[Black "Kardell, Mathias"]
[Result "0-1"]
[WhiteElo "2150"]
[BlackElo "1998"]

1.d4 d5 2.c4 e6 3.Nc3 c6 4.e3 Nf6 5.Nf3 Bd6 6.b3 O-O 7.Bb2 Nbd7 8.Be2 Re8 
9.O-O Qe7 10.Qc2 Bc7 11.Rfd1 h6 12.a3 Qd6 13.a4 Bb8 14.Ba3 Qc7 15.Rac1 a6 
16.Bf1 dxc4 17.bxc4 e5 18.d5 e4 19.d6 Qa5 20.Ne1 Qe5 21.Ne2 c5 22.Bb2 Qg5 
23.Nf4 Ne5 24.Nd5 Nfg4 25.Ne7+ Rxe7 26.dxe7 Qxe7 27.h3 Qh4 28.g3 Qg5 29.
hxg4 Nxg4 30.Rd5 Bf5 31.Bg2 Bxg3 32.Nf3 exf3 33.Rxf5 Bh2+ 34.Kf1 fxg2+ 35.
Ke2 Qg6 36.f3 Nxe3 37.Kxe3 g1=Q+ 38.Rxg1 Bxg1+ 39.Kd2 Qg2+ 40.Kc1 Qf1+ 41.
Qd1 Be3+ 42.Kc2 Qxc4+ 43.Kb1 Bd4 44.Rf4 Qb4 45.Qc2 Re8 46.Ka2 Qxb2+ 47.
Qxb2 Bxb2 48.Kxb2 Re3 49.Rf5 b5 50.a5 c4 0-1

[Event "Harplinge Mini Open"]
[Site "Tylosand"]
[Date "2015.05.16"]
[Round "8.2"]
[White "Sadiku, Lorik"]
[Black "Jonsson, Oscar"]
[Result "1-0"]
[WhiteElo "1549"]
[BlackElo "1230"]

1.e4 e5 2.Nf3 d6 3.d4 exd4 4.Nxd4 c5 5.Nf3 Nc6 6.Nc3 Bg4 7.Be2 Bxf3 8.Bxf3
Rb8 9.Be2 Nf6 10.O-O Be7 11.Nd5 Nxe4 12.Bb5 Nf6 13.Nxe7 Kxe7 14.Bf4 Nd4 
15.Bd3 Ne6 16.Re1 a6 17.Qd2 Re8 18.Bf5 Kf8 19.Qxd6+ Kg8 20.Qxb8 Qxb8 21.
Bxb8 Rxb8 22.Bxe6 fxe6 23.Rxe6 Kf7 24.Rae1 h6 25.h3 Rd8 26.Re7+ Kf8 27.
Rxb7 Rd2 28.c3 c4 29.Rb4 a5 30.Ra4 Rxb2 31.Rxa5 Rc2 32.Re3 Nd7 33.Ra8+ Kf7
34.Ra7 Rd2 35.Re4 Rd1+ 36.Kh2 Rd2 37.Rxc4 Ke6 38.Rd4 Rxd4 39.cxd4 Nf8 40.
Rxg7 1-0

[Event "Harplinge Mini Open"]
[Site "Tylosand"]
[Date "2015.05.16"]
[Round "8.3"]
[White "Sixt, Joar"]
[Black "Bjorkman, Filip"]
[Result "0-1"]
[WhiteElo "1466"]
[BlackElo "1487"]

1.d4 Nf6 2.c4 g6 3.Bg5 Bg7 4.Nf3 d5 5.e3 O-O 6.Bd3 Be6 7.b3 c5 8.O-O Nc6 
9.Nbd2 dxc4 10.Bxc4 Bxc4 11.Nxc4 Ne4 12.Bh4 cxd4 13.exd4 Nxd4 14.Nxd4 Bxd4
15.Rc1 b5 16.Na3 Qb6 17.Rc2 e5 18.Qe2 Nc3 19.Qd2 Rac8 20.Nb1 b4 21.Nxc3 
bxc3 22.Qe2 a5 23.Rb1 Kg7 24.Bg3 Rfe8 25.Kf1 f5 26.f3 e4 27.f4 Red8 28.Rd1
Qb4 29.Be1 Qb8 30.g3 Qb4 31.Rcc1 Rd6 32.Rc2 Bf6 33.Rcc1 Rcd8 34.Qc2 Rxd1 
35.Rxd1 Rxd1 36.Qxd1 Qb5+ 37.Kf2 Qd3 38.Qxd3 exd3 39.Ke3 d2 40.Bxd2 cxd2 
41.Kxd2 Kf7 42.Kd3 Be7 43.Kc4 Ke6 44.Kd4 Kd6 45.Kc4 Kc6 46.a4 Bc5 47.Kd3 
Kd5 48.h3 h5 49.Ke2 Ke4 50.Kd2 Kf3 51.Kc3 Bb4+ 52.Kd3 Kxg3 53.Ke3 Bc5+ 54.
Kd3 Kxf4 0-1

[Event "Harplinge Mini Open"]
[Site "Tylosand"]
[Date "2015.05.16"]
[Round "8.5"]
[White "Lundquist, Elias"]
[Black "Nylander, Lennart"]
[Result "0-1"]
[WhiteElo "1100"]
[BlackElo "1536"]

1.e4 e5 2.Nf3 Nc6 3.Bc4 Nf6 4.d3 d6 5.Bg5 Be7 6.O-O O-O 7.Nc3 Bg4 8.Nd5 
Nxd5 9.exd5 Nd4 10.Bxe7 Qxe7 11.Kh1 Nxf3 12.gxf3 Bh5 13.Rg1 a6 14.a4 Qh4 
15.Rg3 f5 16.Qg1 Rf7 17.Kg2 f4 18.Rh3 Qg5+ 19.Kf1 Qxg1+ 20.Kxg1 Rf5 21.Kf1
Rg5 22.Rd1 Bg6 23.Rh4 Rf8 24.Rg4 Rh5 25.Bb3 Rxh2 26.d4 Rh1+ 27.Rg1 Rxg1+ 
28.Kxg1 e4 29.fxe4 Bxe4 30.Re1 Bf5 31.f3 Kf7 32.Kf2 Re8 33.Rc1 Kf6 34.Rg1 
g5 35.c3 h5 36.Bd1 h4 37.Kg2 Re3 38.Kh2 Rd3 39.Kh1 Rd2 40.b3 Bc2 41.Bxc2 
Rxc2 42.c4 Rc3 43.c5 dxc5 44.dxc5 Rxc5 45.Rd1 Ke5 46.Rg1 Kf5 47.Rd1 Rc3 
48.d6 cxd6 49.Rxd6 Rxb3 50.Rd5+ Kg6 51.Kg2 h3+ 52.Kxh3 Rxf3+ 53.Kg2 Rb3 
54.Rd1 Rb4 55.Ra1 g4 56.a5 Rb2+ 57.Kg1 Kg5 58.Rd1 g3 59.Rd5+ Kg4 60.Rd4 
Kf3 61.Rd1 Ke2 62.Ra1 f3 63.Kh1 g2+ 64.Kg1 Rd2 65.Kh2 Rd1 66.Ra2+ Ke3 67.
Ra3+ Kf4 68.Ra4+ Ke5 69.Rg4 g1=Q+ 70.Rxg1 Rxg1 71.Kxg1 Ke4 72.Kf2 Kf4 73.
Kf1 Ke3 74.Ke1 Kd4 75.Kf2 Kc4 76.Kxf3 Kb5 77.Ke3 Kxa5 78.Kd3 Kb4 79.Kc2 
Kc4 80.Kb2 a5 81.Kc2 b5 82.Kb2 b4 83.Kc2 a4 84.Kb2 Kd3 85.Kb1 Kc3 86.Kc1 
a3 87.Kb1 Kb3 88.Ka1 Kc2 89.Ka2 b3+ 90.Ka1 b2+ 91.Ka2 b1=Q+ 92.Kxa3 Qb3# 
0-1

[Event "Harplinge Mini Open"]
[Site "Tylosand"]
[Date "2015.05.16"]
[Round "8.6"]
[White "Pietarinen, Alexander"]
[Black "Jorgensen, Stein"]
[Result "1/2-1/2"]
[WhiteElo "1473"]
[BlackElo "1439"]

1.d4 f5 2.e4 fxe4 3.Nc3 Nf6 4.Bg5 Nc6 5.d5 Ne5 6.Qd4 Nf7 7.Bxf6 exf6 8.
Nxe4 Be7 9.Nf3 O-O 10.Bd3 d6 11.h3 f5 12.Ng3 Bf6 13.Qb4 Re8+ 14.Ne2 Ne5 
15.Nxe5 Bxe5 16.O-O Rf8 1/2-1/2

[Event "Deltalift Open"]
[Site "Tylosand"]
[Date "2015.05.16"]
[Round "8.2"]
[White "Berg, Emanuel"]
[Black "Rosberg, Simon"]
[Result "1-0"]
[WhiteElo "2553"]
[BlackElo "2262"]

1.e4 c5 2.Nf3 e6 3.d4 cxd4 4.Nxd4 Nc6 5.Nc3 Qc7 6.Be2 a6 7.Be3 Nf6 8.O-O 
Be7 9.f4 d6 10.Qe1 Nxd4 11.Bxd4 b5 12.e5 dxe5 13.fxe5 Nd7 14.Qg3 Bc5 15.
Bxc5 Qxc5+ 16.Kh1 O-O 17.Rae1 Qxe5 18.Qh4 Qc7 19.Bd3 g6 20.Ne4 f5 21.Qe7 
Rf7 22.Qxe6 Nf8 23.Nf6+ Kh8 24.Qd5 Bb7 25.Qd4 Qc6 26.Nh5+ Kg8 27.Be4 Qc4 
28.Nf6+ Kg7 29.Ne8+ Kg8 30.Qxc4 bxc4 31.Nd6 Bxe4 32.Nxf7 Bxc2 33.Ne5 Rc8 
34.Rc1 Be4 35.Nxc4 Bd3 36.Ne5 1-0

[Event "Deltalift Open"]
[Site "Tylosand"]
[Date "2015.05.16"]
[Round "8.3"]
[White "Smith, Axel"]
[Black "Lindgren, Philip"]
[Result "1/2-1/2"]
[WhiteElo "2454"]
[BlackElo "2346"]

1.d4 d5 2.c4 c6 3.Nc3 Nf6 4.e3 e6 5.Nf3 Nbd7 6.Bd2 Bd6 7.Bd3 O-O 8.O-O 
dxc4 9.Bxc4 e5 10.Qc2 exd4 11.exd4 Nb6 12.Bb3 Bg4 13.Ne5 Be6 14.Bxe6 fxe6 
15.Rae1 Qc7 16.h3 Nbd5 17.Re2 Rae8 18.Rfe1 Nh5 19.g3 Nhf6 20.Bg5 Nxc3 21.
bxc3 c5 22.Bxf6 Rxf6 23.Qa4 Ra8 24.Kg2 cxd4 25.cxd4 Bxe5 26.dxe5 Rf7 27.
Rc2 Qd7 28.Qe4 Rd8 29.Rec1 Qd5 30.Qxd5 Rxd5 31.Rc8+ Rf8 32.R1c7 Rxe5 33.
Rxf8+ 1/2-1/2

[Event "Deltalift Open"]
[Site "Tylosand"]
[Date "2015.05.16"]
[Round "8.4"]
[White "Jepson, Christian"]
[Black "Hector, Jonny"]
[Result "1-0"]
[WhiteElo "2417"]
[BlackElo "2485"]

1.d4 d5 2.Nf3 Nf6 3.c4 c6 4.Nc3 dxc4 5.a4 Bf5 6.e3 e6 7.Bxc4 Bb4 8.O-O 
Nbd7 9.Qe2 Bg4 10.h3 Bh5 11.Rd1 O-O 12.e4 Qe7 13.g4 Bg6 14.Nh4 e5 15.d5 a5
16.Nf5 Bxf5 17.exf5 Nb6 18.dxc6 Nxc4 19.Qxc4 bxc6 20.Bg5 h6 21.Bxf6 Qxf6 
22.Ne4 Qh4 23.Kg2 Rab8 24.f6 gxf6 25.Qxc6 f5 26.Qf6 Be7 27.Qxf5 Rb3 28.Ng3
Qf6 29.Qxf6 Bxf6 30.Rd6 Bg7 31.Rd5 Rxb2 32.Rxa5 Rfb8 33.Nf5 R8b4 34.Nxg7 
Kxg7 35.Rxe5 Rf4 36.Rf5 Rbxf2+ 37.Kg3 R2f3+ 38.Kh4 Rxf5 39.gxf5 Rf4+ 40.
Kg3 Rxf5 41.a5 Kf6 42.a6 Rg5+ 43.Kf4 Rf5+ 44.Ke4 Re5+ 45.Kd4 Re8 46.a7 Ra8
47.Ra5 Kg6 48.Ke4 h5 49.Kf4 f6 50.Ra6 Kg7 51.Kf5 h4 52.Ra4 1-0

[Event "Deltalift Open"]
[Site "Tylosand"]
[Date "2015.05.16"]
[Round "8.5"]
[White "Sagit, Rauan"]
[Black "Fries-Nielsen, Jens Ove"]
[Result "1-0"]
[WhiteElo "2360"]
[BlackElo "2459"]

1.Nf3 e6 2.g3 Ne7 3.Bg2 g6 4.O-O Bg7 5.d4 d6 6.c3 Nd7 7.Nbd2 O-O 8.Qc2 b6 
9.Ne1 Rb8 10.Nd3 Bb7 11.Bxb7 Rxb7 12.a4 a5 13.b3 Qa8 14.Bb2 Rbb8 15.Rae1 
c5 16.dxc5 bxc5 17.Nc4 d5 18.Nd6 Qc6 19.Nb5 c4 20.bxc4 dxc4 21.Nf4 Nf5 22.
Ba3 Rfe8 23.Rd1 Nf6 24.Bd6 Nxd6 25.Rxd6 Qc5 26.Ra6 Red8 27.Rxa5 g5 28.Nh3 
h6 29.Ra6 Nd5 30.Rd1 Be5 31.Qe4 Bxc3 32.Rc1 Nf6 33.Qc6 Qf5 34.Nxc3 Qxh3 
35.Qg2 Qf5 36.Rc6 Rdc8 37.Rxc8+ Rxc8 38.Qb7 Rc5 39.Qb8+ Kg7 40.Qd6 Rc8 41.
Qd4 e5 42.Qb6 h5 43.Nb5 Qh3 44.f3 h4 45.Qf2 Qe6 46.Qe3 g4 47.Nc3 hxg3 48.
hxg3 gxf3 49.exf3 Rh8 50.Qg5+ Kf8 51.Rb1 Qd6 52.Kg2 Rg8 53.Qh6+ Ke8 54.Ne4
Nxe4 55.Qxd6 Nxd6 56.Rb8+ Kd7 57.Rxg8 c3 58.Rh8 Nc4 59.Rh1 c2 60.Rc1 Na3 
61.Kf2 Kc6 62.Ke2 Kc5 63.Kd2 Kb4 64.Re1 Kb3 65.Kc1 Nc4 66.Re2 Kxa4 67.Kxc2
Kb4 68.Kd3 f5 69.g4 e4+ 70.fxe4 f4 71.e5 1-0

[Event "Deltalift Open"]
[Site "Tylosand"]
[Date "2015.05.16"]
[Round "8.6"]
[White "Akesson, Ralf"]
[Black "Bellon Lopez, Juan Manuel"]
[Result "0-1"]
[WhiteElo "2436"]
[BlackElo "2364"]

1.Nf3 c5 2.c4 Nc6 3.d4 cxd4 4.Nxd4 e5 5.Nb5 d6 6.N1c3 a6 7.Na3 Nf6 8.g3 
Be7 9.Bg2 O-O 10.Nc2 Be6 11.Ne3 Rc8 12.a4 Na5 13.b3 Qd7 14.O-O Bh3 15.Ba3 
Bxg2 16.Kxg2 b6 17.Qb1 Rfd8 18.Rd1 Qb7+ 19.Kg1 Bf8 20.Ra2 Nc6 21.Nf5 Ne8 
22.Ne4 b5 23.cxb5 axb5 24.axb5 Na7 25.Nexd6 Nxd6 26.Nxd6 Bxd6 27.Bxd6 f6 
28.Ba3 Nxb5 29.Rxd8+ Rxd8 30.Bb2 Qc6 31.Ra1 Rd2 32.Qc1 Rc2 33.Qd1 Rxb2 34.
Rc1 Qb7 35.Qd8+ Kf7 36.e4 Qa7 37.Kh1 Rxf2 38.Qd5+ Kg6 0-1

[Event "Deltalift Open"]
[Site "Tylosand"]
[Date "2015.05.16"]
[Round "8.7"]
[White "Blomqvist, Erik"]
[Black "Haugli, Petter"]
[Result "1-0"]
[WhiteElo "2513"]
[BlackElo "2256"]

1.e4 c5 2.Nf3 e6 3.g3 Nc6 4.Bg2 Nf6 5.Qe2 d6 6.O-O Be7 7.c3 O-O 8.d4 cxd4 
9.cxd4 d5 10.e5 Ne4 11.Rd1 b6 12.Ne1 a5 13.f3 Ba6 14.Qe3 Bg5 15.f4 Be7 16.
Nc3 Nxc3 17.bxc3 b5 18.f5 b4 19.Qf3 Kh8 20.Bd2 Rc8 21.Nd3 Bxd3 22.Qxd3 
bxc3 23.Bxc3 Nb4 24.Bxb4 axb4 25.Rf1 Qb6 26.Kh1 Rc3 27.Qd2 Rfc8 28.fxe6 
Qxe6 29.Qe2 R8c4 30.Rad1 g6 31.Qf2 Kg7 32.Bh3 Qxh3 33.Qxf7+ Kh6 34.Qxe7 
Rxg3 35.Qf8+ Kh5 36.Rf2 Qg4 37.hxg3 Qxd1+ 38.Kg2 Rxd4 39.e6 Re4 40.Qg7 h6 
41.Qf7 Qg4 42.e7 Re3 43.Qxd5+ Qg5 44.Qd1+ Qg4 45.Qh1+ Kg5 46.Qc1 Qxg3+ 47.
Kf1 Qh3+ 48.Kg1 Kg4 49.Rg2+ Kf5 50.Qc8+ 1-0

[Event "Deltalift Open"]
[Site "Tylosand"]
[Date "2015.05.16"]
[Round "8.9"]
[White "Lindh, Fredrik"]
[Black "Westerberg, Jonathan"]
[Result "0-1"]
[WhiteElo "2235"]
[BlackElo "2447"]

1.e4 b6 2.Nf3 Bb7 3.Bc4 e6 4.Qe2 Be7 5.d4 d5 6.Bd3 Nf6 7.e5 Nfd7 8.O-O c5 
9.c3 Nc6 10.a3 a5 11.Bf4 c4 12.Bc2 b5 13.Nbd2 b4 14.Qe3 b3 15.Bd1 h6 16.
Be2 Nb6 17.Nb1 g5 18.Bg3 Na4 19.Qc1 h5 20.h4 gxh4 21.Bf4 Kd7 22.Bg5 Rg8 
23.Bxe7 Qxe7 24.Nbd2 Kc7 25.Ne1 Qg5 26.f4 Qf5 27.Qb1 Ne7 28.Rf2 Rg7 29.
Qxf5 Nxf5 30.Rb1 h3 31.Ndf3 hxg2 32.Ng5 Rh8 33.Rxg2 Kd7 34.Kf2 Ke7 35.Rh2 
h4 36.Bg4 Ng3 37.Bf3 f6 38.exf6+ Kxf6 39.Ng2 Nf5 40.Re1 Bc8 41.Re2 Rb7 42.
Ne3 Nxc3 43.Ng4+ Kg6 44.bxc3 b2 45.Nxe6 b1=Q 46.Ne5+ Kf6 47.Ng4+ Kf7 48.
Ng5+ Kf8 49.Rh1 Qb6 50.Rhe1 Re7 0-1

[Event "Deltalift Open"]
[Site "Tylosand"]
[Date "2015.05.16"]
[Round "8.10"]
[White "Rosell, Tomas"]
[Black "Brynell, Stellan"]
[Result "0-1"]
[WhiteElo "2162"]
[BlackElo "2433"]

1.e4 e6 2.d4 d5 3.Nc3 Nf6 4.e5 Nfd7 5.Qg4 c5 6.Nb5 cxd4 7.Nf3 Nc6 8.Bf4 g6
9.O-O-O a6 10.Nd6+ Bxd6 11.exd6 e5 12.Bg5 Qa5 13.a3 Qc5 14.Qh4 Qxd6 15.Bd3
O-O 16.Bh6 f6 17.Qg3 Kf7 18.h4 Rg8 19.h5 Nc5 20.hxg6+ hxg6 21.Rh4 Nxd3+ 
22.Rxd3 Bf5 23.Rb3 Na5 24.Rb4 Qc6 0-1